[Event "I C.to Romano"]
[Site "Roma ITA"]
[Date "1996.10.??"]
[Round "4"]
[White "Drago, Valentino"]
[Black "Simeone, Giulio"]
[Result "1/2-1/2"]
[WhiteElo "1603"]
[BlackElo "1714"]
[PlyCount "99"]
[EventDate "1996.10.01"]

1. d4 g6 2. Bf4 Nf6 3. e3 Bg7 4. Be2 c5 5. c3 Qb6 6. Qc2 d5 7. Nd2 Bf5 8. Qb3
c4 9. Qxb6 axb6 10. h3 h5 11. Ngf3 Nc6 12. O-O O-O 13. b3 b5 14. Nh4 Bd7 15.
Rfb1 Ra7 16. bxc4 bxc4 17. Bf3 Rfa8 18. e4 dxe4 19. Nxe4 Nxe4 20. Bxe4 Nxd4 21.
cxd4 Bxd4 22. Be3 Bxe3 23. fxe3 Rxa2 24. Rxa2 Rxa2 25. Rxb7 Be6 26. Nf3 Re2 27.
Rxe7 Rxe3 28. Bc2 Re2 29. Nd4 Rd2 30. Re8+ Kh7 31. Rd8 Bf5 32. Ba4 c3 33. Nxf5
Rxd8 34. Ne3 f5 35. g3 Rd2 36. Nc2 g5 37. Bb3 f4 38. g4 hxg4 39. hxg4 f3 40.
Nb4 Rd4 41. Nc2 Rxg4+ 42. Kf2 Rf4 43. Ne3 Kh6 44. Nd5 Rf5 45. Nxc3 Kh5 46. Ne4
Kh4 47. Bc2 g4 48. Ng3 Ra5 49. Nf5+ Rxf5 50. Bxf5 1/2-1/2

[Event "I C.to Romano"]
[Site "Roma ITA"]
[Date "1996.10.??"]
[Round "4"]
[White "Fanciulli, Gianluca"]
[Black "Ottavi, Marco"]
[Result "0-1"]
[WhiteElo "1564"]
[BlackElo "1945"]
[PlyCount "91"]
[EventDate "1996.10.01"]

1. d4 e6 2. c4 Nf6 3. Nc3 Bb4 4. a3 Bxc3+ 5. bxc3 c5 6. Nf3 O-O 7. Qc2 d5 8. e3
b6 9. cxd5 exd5 10. Bd3 Bb7 11. O-O Nbd7 12. Bb2 Qc7 13. Rac1 c4 14. Bf5 g6 15.
Bxd7 Nxd7 16. Rce1 Rfe8 17. Bc1 Re7 18. Re2 Rae8 19. Rfe1 Bc6 20. Ng5 h6 21.
Nh3 Kg7 22. f3 Nf6 23. Nf2 Qb7 24. g4 Re6 25. Nh3 Nh7 26. f4 Qd7 27. Rg2 Re4
28. Rf1 Qc8 29. Nf2 R4e7 30. g5 hxg5 31. fxg5 Bd7 32. Qd1 Bf5 33. h4 Be4 34.
Rg3 Rh8 35. Nxe4 Rxe4 36. h5 Rhe8 37. hxg6 fxg6 38. Rff3 Rg4 39. Qf1 Rxg3+ 40.
Rxg3 Rf8 41. Qh3 Qxh3 42. Rxh3 Nxg5 43. Rg3 Ne4 44. Rg2 Nxc3 45. Rf2 Rxf2 46.
Kxf2 0-1

[Event "I C.to Romano"]
[Site "Roma ITA"]
[Date "1996.10.??"]
[Round "4"]
[White "Farina, Saverio"]
[Black "Lepri, Livio"]
[Result "1/2-1/2"]
[WhiteElo "2210"]
[BlackElo "1999"]
[PlyCount "103"]
[EventDate "1996.10.01"]

1. c4 e5 2. e3 Nf6 3. d4 exd4 4. exd4 d5 5. Nf3 Be7 6. Nc3 O-O 7. Be2 c6 8. O-O
dxc4 9. Bxc4 Nbd7 10. Qd3 b5 11. Bb3 Nc5 12. Qc2 Nxb3 13. Qxb3 Be6 14. Qc2 h6
15. Be3 Rc8 16. h3 Nd5 17. Rac1 Qa5 18. Bd2 Qb6 19. Rfe1 Nxc3 20. Bxc3 b4 21.
Bd2 Bd6 22. b3 c5 23. Qb2 Bd5 24. Ne5 Qb7 25. f3 a5 26. Be3 cxd4 27. Bxd4 Bxe5
28. Bxe5 f6 29. Bd4 Qb5 30. Qf2 Rxc1 31. Rxc1 Ra8 32. Qg3 Qa6 33. Rc7 Bf7 34.
Be3 Kf8 35. Bc5+ Kg8 36. Be3 Kf8 37. Qe1 Kg8 38. Qc1 Qe2 39. Bf4 Re8 40. Ra7
Qe1+ 41. Qxe1 Rxe1+ 42. Kf2 Ra1 43. Rxa5 Bxb3 44. Bd2 Rxa2 45. Rxa2 Bxa2 46.
Bxb4 Kf7 47. Ke3 g6 48. Kd4 Ke6 49. g4 f5 50. h4 fxg4 51. fxg4 h5 52. gxh5
1/2-1/2

[Event "I C.to Romano"]
[Site "Roma ITA"]
[Date "1996.10.??"]
[Round "4"]
[White "Galeno, Giorgio"]
[Black "Almonti, Alessandro"]
[Result "1/2-1/2"]
[WhiteElo "1725"]
[BlackElo "1765"]
[PlyCount "92"]
[EventDate "1996.10.01"]

1. d4 Nf6 2. c4 e6 3. Nc3 Bb4 4. a3 Bxc3+ 5. bxc3 O-O 6. e3 d6 7. Bd3 Nc6 8.
Ne2 e5 9. Ng3 b6 10. O-O Ba6 11. d5 Na5 12. f4 Bxc4 13. Bxc4 Nxc4 14. fxe5 Nxe5
15. e4 Nfd7 16. Nf5 Qe8 17. Bg5 f6 18. Bf4 Kh8 19. Re1 Nc5 20. Bxe5 Qxe5 21.
Qg4 Rf7 22. Re3 Re8 23. Rae1 g6 24. Nd4 a5 25. h4 Rg8 26. Nc6 Qe8 27. Qe2 Qd7
28. Rf1 Qc8 29. c4 Qf8 30. Qg4 Qc8 31. Qxc8 Rxc8 32. e5 dxe5 33. Nxe5 Rff8 34.
Nc6 Kg7 35. Rfe1 Rf7 36. Nd4 f5 37. Ne6+ Nxe6 38. Rxe6 Rd8 39. R1e5 Rdd7 40.
Kf2 Rf6 41. Ke3 Rxe6 42. Rxe6 Kf7 43. Kd4 Rd6 44. Ke5 Rd8 45. Rf6+ Ke7 46. Re6+
Kf7 1/2-1/2

[Event "I C.to Romano"]
[Site "Roma ITA"]
[Date "1996.10.??"]
[Round "4"]
[White "Malloni, Marcello"]
[Black "Scacco, Mauro"]
[Result "1/2-1/2"]
[WhiteElo "2230"]
[BlackElo "2045"]
[PlyCount "48"]
[EventDate "1996.10.01"]

1. d4 d6 2. e4 g6 3. Nc3 Nf6 4. Nf3 Bg7 5. Be2 O-O 6. O-O c6 7. Be3 Qc7 8. a4
Nbd7 9. Qd2 e5 10. Rad1 Re8 11. dxe5 dxe5 12. Qc1 Bf8 13. Bc4 Nc5 14. Ng5 Ne6
15. Nxe6 Bxe6 16. Bxe6 Rxe6 17. f3 Nh5 18. Ne2 Rd8 19. Rxd8 Qxd8 20. Rd1 Qa5
21. b3 Bc5 22. Kf1 Ng7 23. Rd7 Re7 24. Rd3 Ne6 1/2-1/2

[Event "I C.to Romano"]
[Site "Roma ITA"]
[Date "1996.10.??"]
[Round "4"]
[White "Mariotti, Sergio"]
[Black "Simeoni, Matteo"]
[Result "1-0"]
[WhiteElo "2435"]
[BlackElo "1797"]
[PlyCount "79"]
[EventDate "1996.10.01"]

1. d4 f5 2. h4 Nf6 3. Bg5 e6 4. Nh3 Be7 5. e3 O-O 6. Nd2 b6 7. Nf4 Bb7 8. c3
Nc6 9. Bd3 Qe8 10. h5 Ng4 11. Bxe7 Qxe7 12. Qe2 Rae8 13. O-O-O Nd8 14. Bc4 Nf7
15. f3 Nf6 16. e4 d5 17. exd5 exd5 18. Qxe7 Rxe7 19. Bd3 Nd6 20. Nf1 Rfe8 21.
Ng3 Bc8 22. b3 c5 23. Kd2 Bd7 24. Rc1 Bc8 25. Nge2 Bd7 26. Rce1 Bc8 27. dxc5
bxc5 28. b4 cxb4 29. cxb4 Rc7 30. Rc1 Rd7 31. Kc3 Re3 32. Kd4 Rde7 33. Rc6
Rxd3+ 34. Kxd3 Rd7 35. Nd4 Bb7 36. Rc5 Nc4 37. Re1 Nb2+ 38. Kd2 Ne4+ 39. fxe4
dxe4 40. Ke3 1-0

[Event "I C.to Romano"]
[Site "Roma ITA"]
[Date "1996.10.??"]
[Round "4"]
[White "Onisi, Stefano"]
[Black "Marzano, Carlo"]
[Result "1/2-1/2"]
[WhiteElo "1600"]
[BlackElo "2165"]
[PlyCount "121"]
[EventDate "1996.10.01"]

1. e4 e6 2. d4 d5 3. Nc3 Nf6 4. Bg5 dxe4 5. Nxe4 Be7 6. Nxf6+ gxf6 7. Be3 b6 8.
Bb5+ c6 9. Be2 Bb7 10. Bf3 Nd7 11. c3 Qc7 12. Ne2 O-O-O 13. Qa4 Kb8 14. O-O-O
Nf8 15. Kb1 Ng6 16. g3 Bd6 17. Rhe1 h5 18. h4 Rd7 19. Nc1 f5 20. Nd3 f4 21.
Bxf4 Bxf4 22. Nxf4 Nxf4 23. gxf4 b5 24. Qc2 Qxf4 25. Qe4 Qxe4+ 26. Bxe4 Rh6 27.
Kc1 Rf6 28. Rd2 Rf4 29. b4 Rxh4 30. Bf3 Rh3 31. Rd3 Rd8 32. Rh1 Rxf3 33. Rxf3
c5 34. Rfh3 Bxh1 35. Rxh1 cxd4 36. Rxh5 Rc8 37. Rxb5+ Ka8 38. Rc5 Rxc5 39. bxc5
dxc3 40. Kc2 Kb7 41. Kxc3 Kc6 42. Kd4 f6 43. a3 e5+ 44. Ke4 Kxc5 45. Kf5 Kd5
46. f3 a5 47. Kxf6 e4 48. fxe4+ Kxe4 49. Kg5 a4 50. Kg4 Ke3 51. Kg3 Kd4 52. Kf4
Kc3 53. Ke3 Kc2 54. Ke2 Kc1 55. Ke1 Kb2 56. Kd2 Kxa3 57. Kc3 Ka2 58. Kc2 Ka1
59. Kc1 a3 60. Kc2 Ka2 61. Kc1 1/2-1/2

[Event "I C.to Romano"]
[Site "Roma ITA"]
[Date "1996.10.??"]
[Round "4"]
[White "Papetti, Francesco"]
[Black "Arca', Luciano"]
[Result "1-0"]
[WhiteElo "1816"]
[BlackElo "1483"]
[PlyCount "41"]
[EventDate "1996.10.01"]

1. Nf3 c6 2. d4 d5 3. e3 Nf6 4. c4 Bg4 5. Nc3 e6 6. c5 Ne4 7. Qb3 b6 8. Ne5 Bf5
9. Na4 b5 10. Nc3 a6 11. a4 Nxc3 12. bxc3 Qc7 13. axb5 cxb5 14. Bxb5+ Kd8 15.
O-O f6 16. Nf3 Qb7 17. Qa4 g5 18. Bd2 h5 19. c4 Be4 20. c6 Qc7 21. Ba5 1-0

[Event "I C.to Romano"]
[Site "Roma ITA"]
[Date "1996.10.??"]
[Round "4"]
[White "Pezzaldi, Roberto"]
[Black "Mazziotto, Nicola"]
[Result "1-0"]
[WhiteElo "2001"]
[BlackElo "1522"]
[PlyCount "53"]
[EventDate "1996.10.01"]

1. c4 Nf6 2. Nf3 g6 3. g3 Bg7 4. Bg2 d6 5. O-O O-O 6. Nc3 c6 7. Rb1 Bf5 8. d3
Qc8 9. Re1 Bh3 10. Bh1 Na6 11. Bd2 Rd8 12. b4 d5 13. b5 Nc5 14. cxd5 cxd5 15.
Rc1 d4 16. Na4 b6 17. Ng5 Nd5 18. Nxc5 bxc5 19. Nxh3 Qxh3 20. Rxc5 e6 21. Qb3
Bf8 22. Rxd5 exd5 23. Bxd5 Rac8 24. Bxf7+ Kh8 25. Be6 Qh5 26. Bxc8 Rxc8 27. Kg2
1-0

[Event "I C.to Romano"]
[Site "Roma ITA"]
[Date "1996.10.??"]
[Round "4"]
[White "Pienabarca, Nicola"]
[Black "Buffoni, Luca"]
[Result "1-0"]
[WhiteElo "1950"]
[BlackElo "1699"]
[PlyCount "57"]
[EventDate "1996.10.01"]

1. d4 d5 2. Nf3 Nf6 3. Bg5 e6 4. Nbd2 Be7 5. e3 c5 6. c3 Nbd7 7. Bd3 b6 8. O-O
Bb7 9. Ne5 Nxe5 10. dxe5 Nd7 11. Bxe7 Qxe7 12. f4 f6 13. Qh5+ Kd8 14. e4 Kc7
15. exd5 exd5 16. Rae1 fxe5 17. fxe5 g6 18. Qe2 Raf8 19. e6 Nf6 20. Qe5+ Kc8
21. Bb5 a6 22. Ba4 b5 23. Bd1 Ne8 24. Bg4 Kd8 25. Qb8+ Bc8 26. Rf7 Rxf7 27.
Qxc8+ Kxc8 28. exf7+ Qd7 29. fxe8=Q+ 1-0

[Event "I C.to Romano"]
[Site "Roma ITA"]
[Date "1996.10.??"]
[Round "4"]
[White "Quimi, Marco"]
[Black "Pompa, Alessandro"]
[Result "1-0"]
[WhiteElo "2220"]
[BlackElo "2055"]
[PlyCount "41"]
[EventDate "1996.10.01"]

1. e4 c6 2. d4 d5 3. e5 h5 4. Bd3 g6 5. Nf3 Nh6 6. O-O Bg7 7. Re1 O-O 8. e6 Qd6
9. Bxh6 Bxh6 10. exf7+ Rxf7 11. Ne5 Rf6 12. Nd2 Bf5 13. Ndf3 Nd7 14. Qe2 Nf8
15. c3 Re8 16. Bxf5 Rxf5 17. g3 g5 18. h3 Qf6 19. Nh2 Ng6 20. Qxh5 Nxe5 21.
Qxe8+ 1-0

[Event "I C.to Romano"]
[Site "Roma ITA"]
[Date "1996.10.??"]
[Round "4"]
[White "Scagliarini, Bruno"]
[Black "Michelena, Rodolfo"]
[Result "0-1"]
[WhiteElo "1728"]
[BlackElo "1822"]
[PlyCount "75"]
[EventDate "1996.10.01"]

1. c4 f5 2. g3 e6 3. Bg2 Nf6 4. Nc3 Bb4 5. a3 Bxc3 6. bxc3 O-O 7. Nf3 c6 8. O-O
d5 9. cxd5 exd5 10. d3 Nbd7 11. a4 Re8 12. Ba3 Qc7 13. Qd2 Ne5 14. Nxe5 Qxe5
15. Rfe1 b6 16. Rab1 Bd7 17. e3 h6 18. Rec1 Rab8 19. c4 c5 20. Bb2 d4 21. exd4
cxd4 22. Re1 Qd6 23. a5 Rxe1+ 24. Rxe1 bxa5 25. Qc2 Rb4 26. c5 Qa6 27. c6 Bxc6
28. Bxc6 Rxb2 29. Qxb2 Qxc6 30. Qxd4 Kh7 31. Qxa7 Qc3 32. Qe3 Ng4 33. Qe2 a4
34. h3 Nf6 35. Rd1 a3 36. Qd2 Qd4 37. Qa2 Ne4 38. Kg2 0-1

[Event "I C.to Romano"]
[Site "Roma ITA"]
[Date "1996.10.??"]
[Round "4"]
[White "Scagliarini, Valentina"]
[Black "Vannelli, Vittorio"]
[Result "1-0"]
[WhiteElo "1771"]
[BlackElo "1567"]
[PlyCount "72"]
[EventDate "1996.10.01"]

1. e4 c5 2. Nf3 Nc6 3. d4 cxd4 4. Nxd4 Nf6 5. Nc3 e5 6. Ndb5 d6 7. Bg5 a6 8.
Na3 b5 9. Nd5 Be6 10. Bxf6 gxf6 11. Qd2 Bxd5 12. Qxd5 Qc7 13. c3 Rd8 14. Rd1
Be7 15. Nc2 Nb8 16. Ne3 Nd7 17. Nf5 Nb6 18. Qd3 d5 19. Qe3 h5 20. Ng7+ Kf8 21.
Nf5 dxe4 22. Rxd8+ Qxd8 23. Qxe4 Nd5 24. g3 Bc5 25. Bg2 Ne7 26. O-O Nxf5 27.
Qxf5 Ke7 28. Qc2 h4 29. Kh1 hxg3 30. fxg3 Qg8 31. Qd3 Qh7 32. Qxh7 Rxh7 33. Bc6
Rh8 34. Rd1 Bd6 35. Kg2 a5 36. Rd5 36... b4 {...} 1-0

[Event "I C.to Romano"]
[Site "Roma ITA"]
[Date "1996.10.??"]
[Round "4"]
[White "Verrascina, Nicola"]
[Black "Franchi, Jose' Maria"]
[Result "1-0"]
[WhiteElo "2080"]
[BlackElo "1846"]
[PlyCount "95"]
[EventDate "1996.10.01"]

1. c4 e5 2. g3 Nc6 3. Bg2 g6 4. e3 Bg7 5. Ne2 d6 6. d4 h5 7. h4 Nh6 8. d5 Ne7
9. e4 f5 10. Nbc3 Ng4 11. f3 Nf6 12. Bg5 c6 13. Qd2 cxd5 14. cxd5 Bd7 15. O-O
O-O 16. Kh1 Kh7 17. Ng1 Qa5 18. a3 Rac8 19. Nh3 Neg8 20. Be3 Bh6 21. Bxh6 Nxh6
22. Ng5+ Kg7 23. Bh3 Rg8 24. Ne6+ Bxe6 25. dxe6 fxe4 26. Qxd6 Rge8 27. Nxe4
Rcd8 28. Qc5 Qxc5 29. Nxc5 b6 30. Nd7 Nxd7 31. exd7 Re7 32. Rad1 Nf5 33. Bxf5
gxf5 34. Rfe1 Kf6 35. Rd6+ Re6 36. Red1 Ke7 37. R6d5 Kf6 38. Rc1 Ke7 39. Rc7 a6
40. Kg2 a5 41. f4 Kf6 42. Rc8 Ke7 43. Rxd8 Kxd8 44. fxe5 Rc6 45. Kf3 Rc4 46. e6
Re4 47. Rd6 b5 48. Ra6 1-0

[Event "I C.to Romano"]
[Site "Roma ITA"]
[Date "1996.10.??"]
[Round "4"]
[White "Wyss, Walter"]
[Black "Marta, Daniele"]
[Result "0-1"]
[WhiteElo "2200"]
[BlackElo "1807"]
[PlyCount "54"]
[EventDate "1996.10.01"]

1. d4 Nf6 2. Nc3 d5 3. Qd3 e6 4. Bg5 c5 5. e4 dxe4 6. Nxe4 cxd4 7. O-O-O Nc6 8.
Nf3 Be7 9. Bxf6 gxf6 10. Qd2 e5 11. Qh6 Bf5 12. Bd3 Bg6 13. Qg7 Rf8 14. Rhe1 f5
15. Nxe5 fxe4 16. Nxc6 bxc6 17. Bxe4 Bxe4 18. Rxe4 Qd6 19. Rexd4 Qg6 20. Qe5
Qg5+ 21. f4 Qxe5 22. fxe5 Rd8 23. Rxd8+ Bxd8 24. Rd6 Bg5+ 25. Kd1 Bf4 26. Rxc6
Bxe5 27. g3 Kd7 0-1

[Event "I C.to Romano"]
[Site "Roma ITA"]
[Date "1996.10.??"]
[Round "5"]
[White "Almonti, Alessandro"]
[Black "Pezzaldi, Roberto"]
[Result "0-1"]
[WhiteElo "1765"]
[BlackElo "2001"]
[PlyCount "50"]
[EventDate "1996.10.01"]

1. d4 e6 2. g3 f5 3. Bg2 Nf6 4. Nh3 Be7 5. O-O O-O 6. c4 c6 7. Nc3 d6 8. e4 e5
9. dxe5 dxe5 10. Qe2 fxe4 11. Nxe4 Bf5 12. Nhg5 Nxe4 13. Nxe4 Nd7 14. b3 Qc7
15. Bb2 a5 16. Nd2 Bf6 17. Nf3 Nc5 18. Rfd1 Bg4 19. h3 e4 20. hxg4 exf3 21.
Bxf3 Bxb2 22. Rab1 Rae8 23. Qxe8 Rxe8 24. Rxb2 Qf7 25. Kg2 Rf8 0-1

[Event "I C.to Romano"]
[Site "Roma ITA"]
[Date "1996.10.??"]
[Round "5"]
[White "Bernardi, Giancarlo"]
[Black "Buonanno, Massimo"]
[Result "0-1"]
[WhiteElo "1537"]
[BlackElo "1686"]
[PlyCount "70"]
[EventDate "1996.10.01"]

1. d4 Nf6 2. Bg5 Ne4 3. h4 c6 4. Nd2 Nxg5 5. hxg5 d5 6. g6 fxg6 7. e3 Qd6 8.
Bd3 Bf5 9. e4 dxe4 10. Nxe4 Qxd4 11. Nf3 Qb4+ 12. c3 Qxb2 13. Rb1 Qa3 14. Qe2
b5 15. O-O e6 16. Bxb5 cxb5 17. Qxb5+ Nd7 18. Rfd1 Rd8 19. Rb3 a6 20. Qc6 Bxe4
21. Qxe4 Qc5 22. Qxe6+ Be7 23. Rxd7 Rxd7 24. Rb8+ Rd8 25. Ne5 Rxb8 26. Qd7+ Kf8
27. Qe6 Qxe5 28. Qxe5 Rd8 29. Qe6 h5 30. Qxa6 Rh6 31. Qe2 g5 32. Qf3+ Kg8 33.
Qe4 Bf8 34. Qc4+ Kh8 35. Qf7 g6 0-1

[Event "I C.to Romano"]
[Site "Roma ITA"]
[Date "1996.10.??"]
[Round "5"]
[White "Campomori, Bruno"]
[Black "De Rosa, Gaetano"]
[Result "1-0"]
[WhiteElo "1826"]
[BlackElo "1600"]
[PlyCount "48"]
[EventDate "1996.10.01"]

1. e4 d6 2. d4 g6 3. Bc4 Nf6 4. Nc3 Bg7 5. Nge2 O-O 6. O-O a6 7. a4 Nbd7 8. h3
b6 9. Ng3 Bb7 10. f4 e5 11. fxe5 dxe5 12. d5 Qe7 13. Qe2 c6 14. dxc6 Bxc6 15.
Be3 Nc5 16. Kh2 Ncxe4 17. Ngxe4 Nxe4 18. Nxe4 Bxe4 19. Bxb6 Qb7 20. Bc5 Kh8 21.
Bxf8 Rxf8 22. Bxa6 Qc6 23. Bd3 Bd5 24. Bb5 Qd6 1-0

[Event "I C.to Romano"]
[Site "Roma ITA"]
[Date "1996.10.??"]
[Round "5"]
[White "D'Intino, Vitale"]
[Black "Abuhamdieh, Arafat"]
[Result "1/2-1/2"]
[WhiteElo "1543"]
[BlackElo "1420"]
[PlyCount "147"]
[EventDate "1996.10.01"]

1. e4 c5 2. f4 e6 3. Nf3 Nc6 4. c3 Nf6 5. Bd3 g6 6. Bc2 Bg7 7. d3 O-O 8. O-O d6
9. Nbd2 b5 10. a3 Ng4 11. Qe2 f5 12. h3 Nf6 13. exf5 exf5 14. Ng5 Re8 15. Qf2
h6 16. Ngf3 Nh5 17. Nh4 Kh7 18. Bb3 Be6 19. Bc2 Bf6 20. g3 Nxg3 21. Qxg3 Bxh4
22. Qg2 Ne7 23. Nf3 Bd5 24. Be3 Bb7 25. Bf2 Bf6 26. Qg3 Nd5 27. Rae1 Rg8 28.
Kh2 g5 29. fxg5 hxg5 30. Rg1 Qd7 31. d4 c4 32. Be3 Nxe3 33. Rxe3 Kh8 34. Re2
Rg7 35. Qf2 Rag8 36. Qe3 Bd5 37. Reg2 f4 38. Qe2 Be6 39. Nxg5 Rxg5 40. Rxg5
Rxg5 41. Rxg5 Bxg5 42. Qh5+ Kg7 43. Qxg5+ Kf8 44. Qxf4+ Ke8 45. h4 Qe7 46. Qg5
Qf8 47. Bg6+ Kd7 48. Qxb5+ Ke7 49. Qb7+ Bd7 50. Qe4+ Kd8 51. Kg3 Qf1 52. h5
Qh3+ 53. Kf2 Qh2+ 54. Qg2 Qf4+ 55. Kg1 Qc1+ 56. Kh2 Qf4+ 57. Qg3 Qd2+ 58. Kg1
Qc1+ 59. Kf2 Qxb2+ 60. Kf1 Qc1+ 61. Ke2 Qxa3 62. Kd2 Qb2+ 63. Bc2 Kc7 64. h6
Bf5 65. Qg7+ Kb6 66. d5 Qxc2+ 67. Ke1 Qe4+ 68. Kf2 a5 69. Qf6 Kc5 70. Qg7 Kxd5
71. Qb7+ Ke5 72. Qe7+ Be6 73. Qg5+ Qf5+ 74. Qxf5+ 1/2-1/2

[Event "I C.to Romano"]
[Site "Roma ITA"]
[Date "1996.10.??"]
[Round "5"]
[White "Fanciulli, Gianluca"]
[Black "Gatta, Flavio"]
[Result "1-0"]
[WhiteElo "1564"]
[BlackElo "1528"]
[PlyCount "93"]
[EventDate "1996.10.01"]

1. d4 d5 2. c4 c6 3. cxd5 cxd5 4. Nc3 Nc6 5. Nf3 Bf5 6. e3 Nf6 7. Bd3 Bxd3 8.
Qxd3 e6 9. O-O Bd6 10. Bd2 O-O 11. Rac1 Rc8 12. Ne2 Ne4 13. Ng3 Nxg3 14. hxg3
Re8 15. Rc2 a6 16. Rfc1 Qd7 17. Kf1 Kf8 18. Qxh7 Ne7 19. Rxc8 Rxc8 20. Rxc8+
Qxc8 21. b3 Ng6 22. Ne1 Qc6 23. Ke2 Qb5+ 24. Kd1 Bb4 25. Bxb4+ Qxb4 26. Nc2 Qc3
27. Kc1 Qd3 28. Qh1 Qe2 29. Qe1 Qxe1+ 30. Nxe1 e5 31. dxe5 Nxe5 32. Kd2 Ke7 33.
Nd3 Nxd3 34. Kxd3 Ke6 35. g4 Kd6 36. b4 Kc6 37. a4 b6 38. Kd4 Kd6 39. f4 Ke6
40. f5+ Kd6 41. g5 g6 42. g4 Kc6 43. Ke5 a5 44. bxa5 bxa5 45. fxg6 fxg6 46. Kf6
Kc5 47. Kxg6 1-0

[Event "I C.to Romano"]
[Site "Roma ITA"]
[Date "1996.10.??"]
[Round "5"]
[White "Fantazzini, Massimiliano"]
[Black "Drago, Valentino"]
[Result "0-1"]
[WhiteElo "1753"]
[BlackElo "1603"]
[PlyCount "83"]
[EventDate "1996.10.01"]

1. c4 Nf6 2. Nf3 g6 3. b3 Bg7 4. Bb2 O-O 5. g3 b6 6. Bg2 Bb7 7. O-O c5 8. Na3
Re8 9. e3 Na6 10. d4 Ne4 11. Nb5 Qc8 12. Rc1 Nc7 13. Qe2 Nxb5 14. cxb5 d6 15.
Rfd1 Qg4 16. Rc2 Rac8 17. a4 Bd5 18. Qd3 Nf6 19. Ne1 Bxg2 20. Nxg2 Nd5 21. Rc4
Nb4 22. Qd2 d5 23. Rcc1 a5 24. bxa6 Nxa6 25. Nf4 e6 26. h3 Qf5 27. dxc5 Bxb2
28. Qxb2 Nxc5 29. h4 Nd7 30. Qe2 Ne5 31. Qa6 Rc2 32. Qb5 Rec8 33. Rxc2 Rxc2 34.
Qe8+ Kg7 35. Qe7 Rb2 36. b4 Nf3+ 37. Kg2 Qe4 38. h5 Ne5+ 39. Kg1 Ng4 40. Qg5
Qf5 41. Qxf5 gxf5 42. Nd3 0-1

[Event "I C.to Romano"]
[Site "Roma ITA"]
[Date "1996.10.??"]
[Round "5"]
[White "Franchi, Jose' Maria"]
[Black "Lepri, Livio"]
[Result "0-1"]
[WhiteElo "1846"]
[BlackElo "1999"]
[PlyCount "76"]
[EventDate "1996.10.01"]

1. d4 Nf6 2. Nf3 d5 3. Bg5 e6 4. Nbd2 Be7 5. e3 O-O 6. Bd3 c5 7. c3 h6 8. h4
Nbd7 9. Ne5 Nxe5 10. dxe5 Nd7 11. Bf4 Qc7 12. Qh5 f5 13. exf6 Nxf6 14. Qg6 Bd6
15. Bxd6 Qxd6 16. g4 Bd7 17. Bb1 Be8 18. Qc2 g6 19. g5 Ng4 20. gxh6 Rxf2 21.
Rh3 Rh2 22. Rf3 Rh1+ 23. Nf1 Nh2 24. h7+ Kxh7 25. Qg2 Nxf3+ 26. Qxf3 Rxh4 27.
Bc2 Qe7 28. Rd1 Bb5 29. Ng3 Rf8 30. Qg2 Rg4 31. Kd2 Qg5 32. Rh1+ Rh4 33. Rg1
Qf6 34. Ke1 Qg5 35. Kd2 Bc6 36. Kd1 d4 37. e4 dxc3 38. bxc3 Rd8+ 0-1

[Event "I C.to Romano"]
[Site "Roma ITA"]
[Date "1996.10.??"]
[Round "5"]
[White "Malloni, Marcello"]
[Black "Verrascina, Roberto"]
[Result "1/2-1/2"]
[WhiteElo "2230"]
[BlackElo "2225"]
[PlyCount "58"]
[EventDate "1996.10.01"]

1. d4 b6 2. e4 Bb7 3. Bd3 e6 4. Nf3 Nf6 5. Nbd2 d5 6. e5 Nfd7 7. Qe2 c5 8. c3
Nc6 9. a3 a5 10. O-O Be7 11. Re1 Qc8 12. Qd1 Ba6 13. Bb1 cxd4 14. cxd4 Qb7 15.
Nf1 b5 16. h4 a4 17. N1h2 b4 18. axb4 Bxb4 19. Re3 Nb6 20. Ng5 h6 21. Nh3 Ra7
22. Rg3 Bf8 23. Nf4 Qc8 24. Nf3 Na5 25. Bc2 Bb5 26. Ne2 Bd7 27. Bd2 Nac4 28.
Bc1 Na5 29. Bd2 Nac4 1/2-1/2

[Event "I C.to Romano"]
[Site "Roma ITA"]
[Date "1996.10.??"]
[Round "5"]
[White "Marzano, Carlo"]
[Black "Scagliarini, Valentina"]
[Result "1-0"]
[WhiteElo "2165"]
[BlackElo "1771"]
[PlyCount "67"]
[EventDate "1996.10.01"]

1. d4 d5 2. Bg5 Nf6 3. Nd2 e6 4. e3 Nbd7 5. Ngf3 Be7 6. Bd3 c5 7. c3 b6 8. Ne5
Nxe5 9. dxe5 Nd7 10. Bxe7 Qxe7 11. f4 Bb7 12. Qe2 Rd8 13. O-O O-O 14. e4 dxe4
15. Nxe4 f6 16. exf6 Nxf6 17. Ng5 Rd6 18. Rae1 Re8 19. Bf5 Bc8 20. Bxe6+ Bxe6
21. f5 h6 22. Nxe6 g5 23. Qf2 Qd7 24. Re2 Kf7 25. Rfe1 Rd1 26. Qg3 Rxe1+ 27.
Rxe1 Re7 28. Qe5 a6 29. Qb8 Re8 30. Qxb6 Re7 31. Qxc5 Qd2 32. Nxg5+ Qxg5 33.
Rxe7+ Kg8 34. Qc8+ 1-0

[Event "I C.to Romano"]
[Site "Roma ITA"]
[Date "1996.10.??"]
[Round "5"]
[White "Mazziotto, Nicola"]
[Black "Wyss, Walter"]
[Result "0-1"]
[WhiteElo "1522"]
[BlackElo "2200"]
[PlyCount "46"]
[EventDate "1996.10.01"]

1. e4 Nc6 2. d4 d5 3. e5 Bf5 4. c3 e6 5. Bd3 Nge7 6. Qf3 Qd7 7. Nh3 h6 8. Nd2
O-O-O 9. Nb3 Ng6 10. g3 Ngxe5 11. dxe5 Nxe5 12. Qe3 Nxd3+ 13. Kd1 Qa4 14. Kd2
d4 15. Nxd4 Rxd4 16. Qxd4 Qxd4 17. cxd4 Bb4+ 18. Ke3 Nxc1 19. Nf4 e5 20. Nd5
Nd3 21. Rhd1 exd4+ 22. Kxd4 c5+ 23. Ke3 Re8+ 0-1

[Event "I C.to Romano"]
[Site "Roma ITA"]
[Date "1996.10.??"]
[Round "5"]
[White "Ottavi, Marco"]
[Black "Marta, Daniele"]
[Result "1-0"]
[WhiteElo "1945"]
[BlackElo "1807"]
[PlyCount "49"]
[EventDate "1996.10.01"]

1. e4 e6 2. d4 d5 3. Nd2 Nf6 4. e5 Nfd7 5. Bd3 c5 6. c3 Nc6 7. Ne2 cxd4 8. cxd4
f6 9. exf6 Nxf6 10. O-O Bd6 11. Nf3 Qc7 12. Bg5 O-O 13. Re1 Bd7 14. Rc1 Qb6 15.
Nc3 Rae8 16. Na4 Qa5 17. Ne5 Nxe5 18. dxe5 Bxa4 19. b3 Bb4 20. exf6 Bxe1 21.
Qh5 Bxf2+ 22. Kh1 Rxf6 23. Bxf6 gxf6 24. Qxh7+ Kf8 25. Bg6 1-0

[Event "I C.to Romano"]
[Site "Roma ITA"]
[Date "1996.10.??"]
[Round "5"]
[White "Passerotti, Pierluigi"]
[Black "Barro, Carlo"]
[Result "1-0"]
[WhiteElo "2290"]
[BlackElo "1762"]
[PlyCount "81"]
[EventDate "1996.10.01"]

1. d4 Nf6 2. Nf3 g6 3. Bg5 Bg7 4. Nbd2 O-O 5. e4 d6 6. c3 c6 7. h3 Nbd7 8. Bd3
Qc7 9. O-O e5 10. Re1 h6 11. Be3 Kh8 12. Qc2 Ng8 13. Nh2 g5 14. Be2 Ndf6 15.
Ndf1 Ne7 16. dxe5 dxe5 17. Bc5 b6 18. Bxe7 Qxe7 19. Ne3 Be6 20. a4 a5 21. Nhf1
Qc5 22. Ng3 Rfd8 23. Ngf5 Bf8 24. h4 g4 25. Bxg4 Nxg4 26. Nxg4 h5 27. Nf6 Bxf5
28. exf5 Rd4 29. Qe2 Rxh4 30. g3 Be7 31. Ne4 Rxe4 32. Qxh5+ Kg7 33. Rxe4 Bf6
34. Rd1 Kf8 35. Qf3 b5 36. axb5 Qxb5 37. Rd6 Ke7 38. Qd1 Rg8 39. Rd7+ Ke8 40.
Qd6 Qxb2 41. Rxe5+ 1-0

[Event "I C.to Romano"]
[Site "Roma ITA"]
[Date "1996.10.??"]
[Round "5"]
[White "Piancatelli, Marco"]
[Black "Farina, Saverio"]
[Result "0-1"]
[WhiteElo "1867"]
[BlackElo "2210"]
[PlyCount "36"]
[EventDate "1996.10.01"]

1. e4 e6 2. d4 d5 3. Nc3 c5 4. exd5 exd5 5. Bb5+ Nc6 6. Qe2+ Be7 7. dxc5 Nf6 8.
Bg5 O-O 9. O-O-O a6 10. Bc4 Re8 11. Bxf6 Bxf6 12. Qf3 Bxc3 13. Bxd5 Qg5+ 14.
Kb1 Bf6 15. Nh3 Qe5 16. c3 Qf5+ 17. Qxf5 Bxf5+ 18. Kc1 Re2 0-1

[Event "I C.to Romano"]
[Site "Roma ITA"]
[Date "1996.10.??"]
[Round "5"]
[White "Pienabarca, Nicola"]
[Black "Galeno, Giorgio"]
[Result "0-1"]
[WhiteElo "1950"]
[BlackElo "1725"]
[PlyCount "90"]
[EventDate "1996.10.01"]

1. d4 Nf6 2. Nf3 e6 3. Bg5 d5 4. Nbd2 Be7 5. e3 Nbd7 6. Bd3 b6 7. O-O Bb7 8.
Ne5 Nxe5 9. dxe5 Nd7 10. Bxe7 Qxe7 11. f4 f5 12. exf6 gxf6 13. Qe2 Nc5 14. a4
Nxd3 15. cxd3 a5 16. Nf3 c5 17. Qc2 Rg8 18. d4 c4 19. Rfb1 Qg7 20. b4 cxb3 21.
Rxb3 Rc8 22. Qf2 Rc6 23. Rb2 Ba6 24. Rab1 Qc7 25. Ne1 Rg7 26. Qf3 Rc1 27. Qf2
Rxb1 28. Rxb1 Qc6 29. Qb2 Rb7 30. Qa3 b5 31. Rc1 Qd7 32. Qc5 Rb8 33. Qc6 Rc8
34. Qxd7+ Kxd7 35. Ra1 b4 36. Kf2 Rc3 37. Ra2 Bc4 38. Rc2 Ra3 39. Nf3 b3 40.
Rc1 Rxa4 41. Nd2 Ra2 42. Ke1 a4 43. Nxc4 dxc4 44. Rxc4 b2 45. Kd2 b1=Q+ 0-1